000 00546nam a2200217Ia 4500
003 OSt
005 20221005125221.0
006 a|||||r|||| 00| 0
007 ta
008 221004b |||||||| |||| 00| 0 tam d
024 _a51962
037 _cTextual
040 _aCRL
_cCRL
_btam
041 _2tam
_atam
082 _aS55:62, 31K0
100 _aMaraimalaiyadi
_9206176
245 0 _aPaguththunatvum madharum
650 _aPSYCHOLOGY
942 _hS55:62, 31K0
_cTEXL
_2cc
999 _c1053307
_d1053307